| 000 | 01307nam a2200409 a 4500 | ||
|---|---|---|---|
| 005 | 20260322212044.0 | ||
| 008 | data | ||
| 010 | _a 85004654 | ||
| 020 |
_a0874773555 : _c{dollar}14.95 |
||
| 020 |
_a9780874773552 : _c{dollar}14.95 |
||
| 020 | _a0874773555 | ||
| 020 | _a9780874773552 | ||
| 020 | _a0671733419 | ||
| 020 | _a9780671733414 | ||
| 020 | _a9781416550211 | ||
| 020 | _a1416550216 | ||
| 040 | _dCStRLIN | ||
| 049 | _aMBXY | ||
| 050 | 0 |
_aHQ1206 _b.N77 1985 |
|
| 100 | 1 | _aNorwood, Robin. | |
| 245 | 1 | 0 |
_aWomen who love too much : _bwhen you keep wishing and hoping he'll change / _cRobin Norwood. |
| 250 | _a1st ed. | ||
| 260 | 0 |
_aNew York : _bDistributed by St. Martin's Press, _aNew York : _bDistributed by St. Martin's Press, _cc1985. |
|
| 300 |
_a266 p. ; _c22 cm. |
||
| 500 | _aIncludes index. | ||
| 504 | _aBibliography: p. 255-257. | ||
| 590 | _aBibliography: p. 255-257. | ||
| 590 | _aIncludes index. | ||
| 650 | 0 |
_aWomen _xPsychology. |
|
| 650 | 0 |
_aLove _xPsychological aspects. |
|
| 650 | 0 |
_aAlcoholics _xFamily relationships. |
|
| 938 |
_aBaker & Taylor _bBKTY _c17.95 _d13.46 _i0874773555 _n0000953244 _sactive |
||
| 938 |
_aBaker and Taylor _bBTCP _n85004654 //r913 _c{dollar}14.95 |
||
| 938 |
_aYBP Library Services _bYANK _n917451 |
||
| 994 |
_aC0 _bMBX |
||
| 001 | data | ||
| 999 |
_c1031 _d1031 |
||